000 00692nam a2200253Ia 4500
003 OSt
005 20220924131818.0
006 a|||||r|||| 00| 0
007 ta
008 220923b |||||||| |||| 00| 0 tel d
020 _cRs.1.
024 _a347747
037 _cTextual
040 _aARTS
_cARTS
_btel
041 _2tel
_atel
082 _aO157,3M76,12, 35K6
100 _aSarath Babu Au.
_9202956
245 0 _aSarath Pillala Kathalu
260 _aVijayawada
_bDesi Book Distributors India
_c1966
300 _a246p.
_ccm.
650 _aBENGALI LITERATURE
942 _hO157,3M76,12, 35K6
_cTEXL
_2CC
999 _c428292
_d428292